00543nam a2200169Ia 4500003000900000008004100009020002200050040001600072080001500088100001900103245013900122260003900261300001600300650002500316650001700341650001500358IN-BaIIA211028s9999 xx 000 0 eng d a978-1-78634-514-1 cIIA Library a523.9bBEL aBellan, Paul M 0aMagnetic helicity, spheromaks, solar corona loops, and astrophysical jetscPaul M Bellan  aNew JerseybWorld Scientificc2018 axxii, 630p. aMagnetohydrodynamics aSolar Corona aSpheromaks